Normal view
MARC view
Entry Personal Name
001 - CONTROL NUMBER
- control field: 623640
003 - CONTROL NUMBER IDENTIFIER
- control field: OSt
005 - DATE AND TIME OF LATEST TRANSACTION
- control field: 20221005103144.0
008 - FIXED-LENGTH DATA ELEMENTS
- fixed length control field: 221005|| aca||aabn | a|a d
040 ## - CATALOGING SOURCE
- Original cataloging agency: OSt
- Transcribing agency: OSt
100 ## - HEADING--PERSONAL NAME
- Personal name: जैन, नरेन्द्र कुमार, संपा
670 ## - SOURCE DATA FOUND
- Source citation: Work cat.: (OSt)1009521: जैन, नेमिचन्द्र, भारतीय दर्शन के महागुरू आचार्य समन्तभद्र, 2007
